Rocket League Teams (Season Mode) - Statistics

General Stats
  • This quiz has been taken 20 times
  • The average score is 11 of 21
Answer Stats
Picture Answer % Correct
Dragons
82%
Mammoths
82%
Knights
76%
Bombers
71%
Cyclones
71%
Monarchs
65%
Rovers
65%
Scorpions
65%
Wolves
65%
Express
59%
Guardians
59%
Rebels
59%
Barracudas
47%
Skyhawks
41%
Seekers
35%
Destroyers
29%
Kodiaks
29%
Pharaohs
29%
Blacklight
18%
Phantoms
18%
Ravagers
18%
No matching quizzes found
Score Distribution
Percent of People with Each Score
Percentile by Number Answered
Your Score History
You have not taken this quiz